000 00399cam a22001217a 4500
008 180718b1966 xxu||||| |||| 00| 0 eng d
082 _aA81x54 In2/61/20/Pt3
100 _aCensus of India 1961
245 _aHimachal Pradesh: household economic tables
260 _aDelhi
_bThe Manager of Publications
_c1966
300 _a132+p.
440 _aCensus of India 1961. Volume XX, Himachal Pradesh. Part III
999 _c484098
_d484098